书目信息 |
| 题名: |
堤防抢险实用技术
|
|
| 作者: | 董哲仁 主编 | |
| 分册: | ||
| 出版信息: | 北京 中国水利水电出版社 1999.05 |
|
| 页数: | 110页 | |
| 开本: | 32开 | |
| 丛书名: | ||
| 单 册: | ||
| 中图分类: | TV871.3 | |
| 科图分类: | ||
| 主题词: | 防洪工程 | |
| 电子资源: | ||
| ISBN: | 7-5084-0054-2 | |
| 000 | 00565nam0 2200193 45 | |
| 001 | 0012091028 | |
| 005 | 20001209100331.7 | |
| 010 | @a7-5084-0054-2@d5.50元 | |
| 100 | @a20001209d1999 km y0chiy0120 ea | |
| 101 | 0 | @achi |
| 105 | @a z 000yy | |
| 200 | 1 | @a堤防抢险实用技术@ADi Fang Qiang Xian Shi Yong Ji Shu@f董哲仁主编@FDong Zhe Ren Zhu Bian |
| 210 | @a北京@c中国水利水电出版社@d1999.05 | |
| 215 | @a110页@d32开 | |
| 606 | 0 | @a防洪工程 |
| 690 | @aTV871.3@v3 | |
| 701 | 0 | @a董哲仁@4主编 |
| 801 | @aCN@bPftUser@c20001209 | |
| 905 | @b300400-402@dTV871.3@eD723@f3 | |
| 堤防抢险实用技术/董哲仁主编.-北京:中国水利水电出版社,1999.05 |
| 110页;32开 |
| ISBN 7-5084-0054-2:5.50元 |
| ● |
| 相关链接 |
|
|
|
正题名:堤防抢险实用技术
索取号:TV871.3/D723
 
预约/预借
| 序号 | 登录号 | 条形码 | 馆藏地/架位号 | 状态 | 备注 |
| 1 | 300400 | 203004006 | 自科库501/501自科库 48排6列5层/ [索取号:TV871.3/D723] | 在馆 | |
| 2 | 300401 | 203004015 | 自科库501/501自科库 48排6列5层/ [索取号:TV871.3/D723] | 在馆 | |
| 3 | 300402 | 203004024 | 自科二线504/501自科库 48排6列5层/ [索取号:TV871.3/D723] | 在馆 |